[Event "15th ch-SLO"]
[Site "Ptuj SLO"]
[Date "2005.08.17"]
[Round "7"]
[White "Penko,I"]
[Black "Kokol,P"]
[Result "1/2-1/2"]
[WhiteElo "2235"]
[BlackElo "2122"]

1.d4 Nf6 2.Nf3 c5 3.d5 e6 4.c4 exd5 5.cxd5 d6 6.Nc3 g6 7.g3 Bg7 8.Bg2 O-O
9.O-O Na6 10.Nd2 Nc7 11.a4 b6 12.Re1 Re8 13.e4 Ng4 14.Nc4 Bd4 15.Ne3 Qf6
16.f3 Ne5 17.Kh1 Ba6 18.Ng4 Nxg4 19.fxg4 Bf2 20.e5 Qg7 21.Re4 dxe5 22.g5 Bd4
23.d6 Bxc3 24.bxc3 Rad8 25.a5 b5 26.Be3 Ne6 27.Qd5 Rb8 28.Qxe5 Bb7 29.Qxg7+ Kxg7
30.Re5 Bxg2+ 31.Kxg2 Rec8 32.Rd1 Rc6 33.Rdd5 a6 34.d7 Rd8 35.Bxc5 Nxc5 36.Rxc5 Rd6
37.Re8 R8xd7 38.Rcc8 f5 39.Rg8+ Kf7 40.Rce8 Rc7 41.Rgf8+ Kg7  1/2-1/2

[Event "BDO Challengers"]
[Site "Haarlem NED"]
[Date "2005.08.27"]
[Round "1"]
[White "Merbis,M"]
[Black "Langedijk,A"]
[Result "1/2-1/2"]
[WhiteElo "2136"]
[BlackElo "2219"]

1.d4 Nf6 2.c4 c5 3.d5 e6 4.Nc3 exd5 5.cxd5 d6 6.Nf3 g6 7.h3 Bg7 8.e4 O-O
9.Bd3 Nh5 10.O-O Nd7 11.Re1 Ne5 12.Be2 Nxf3+ 13.Bxf3 Qh4 14.Bxh5 gxh5 15.Qd2 Be5
16.Qg5+ Qxg5 17.Bxg5 Bd7 18.a4 f5 19.f4 Bd4+ 20.Kh2 Rae8 21.exf5 Bxc3 22.bxc3 Rxf5
23.Rxe8+ Bxe8 24.c4 b6 25.g4 hxg4 26.hxg4 Rf7 27.Kg3 Bd7 28.f5 h5 29.gxh5 Rxf5
30.Bf4 Rxh5 31.Bxd6 Rg5+ 32.Kf4 Rg4+ 33.Ke5 Rxc4 34.Bb8 Rxa4  1/2-1/2

[Event "BDO Challengers"]
[Site "Haarlem NED"]
[Date "2005.08.31"]
[Round "5"]
[White "Duchene,R"]
[Black "Langedijk,A"]
[Result "0-1"]
[WhiteElo "2219"]
[BlackElo "2219"]

1.d4 Nf6 2.c4 c5 3.d5 e6 4.Nc3 exd5 5.cxd5 d6 6.Nf3 g6 7.Bf4 Bg7 8.Qa4+ Bd7
9.Qb3 Qc7 10.Nd2 O-O 11.e4 Nh5 12.Be3 Na6 13.Be2 Rab8 14.a4 Nb4 15.O-O a6
16.a5 f5 17.Bxh5 gxh5 18.exf5 Bxf5 19.Rfc1 Rbe8 20.Nf3 Qf7 21.Ra4 Bg4 22.Ng5 Qg6
23.Ne6 Bh3 24.g3 Bxc3 25.Qxc3 Rxe6 26.dxe6 Qe4  0-1

[Event "4th Open"]
[Site "Lahijan IRI"]
[Date "2005.08.31"]
[Round "8"]
[White "Mousavi,S"]
[Black "Moosavian,S"]
[Result "0-1"]
[WhiteElo "2175"]
[BlackElo "2239"]

1.d4 e6 2.c4 c5 3.d5 Nf6 4.Nc3 d6 5.Nf3 exd5 6.cxd5 g6 7.g3 Bg7 8.Bg2 O-O
9.O-O Na6 10.Nd2 Nc7 11.a4 b6 12.e4 Re8 13.Re1 Rb8 14.Nc4 Ba6 15.Bf1 Bxc4
16.Bxc4 a6 17.Bf1 b5 18.axb5 axb5 19.e5 Rxe5 20.Rxe5 dxe5 21.d6 Ne6 22.Nxb5 Nd4
23.Nxd4 cxd4 24.Ra6 Ne8 25.b3 Nxd6 26.Ba3 Nb5 27.Bc4 e4 28.Qg4 Nxa3 29.Rxa3 Qe7
30.Ra2 Kh8 31.Qf4 Rf8 32.Ra6 d3 33.Qd6 Qxd6 34.Rxd6 f5 35.Kf1 Ra8 36.Ra6 Rxa6
37.Bxa6 Bc3 38.f3 Kg7 39.Kf2 Bd2 40.fxe4 fxe4 41.Kg2 Kf6 42.g4 Ke5 43.h4 Kd4  0-1

[Event "BDO Challengers"]
[Site "Haarlem NED"]
[Date "2005.09.03"]
[Round "8"]
[White "Merbis,M"]
[Black "Van Nies,P"]
[Result "1/2-1/2"]
[WhiteElo "2136"]
[BlackElo "2074"]

1.d4 Nf6 2.c4 c5 3.d5 e6 4.Nc3 exd5 5.cxd5 d6 6.Nf3 g6 7.h3 Bg7 8.e4 O-O
9.Bd3 b5 10.Nxb5 Re8 11.O-O Nxe4 12.Qa4 Bd7 13.Bxe4 Bxb5 14.Qxb5 Rxe4 15.Bg5 Qe8
16.Qd3 Nd7 17.Rae1 f5 18.Qd2 Rb8 19.b3 Rbb4 20.Qc1 Ne5 21.Nd2 Nd3 22.Nxe4 fxe4
23.Qd2 Nxe1 24.Rxe1 Qf7 25.Be3 Bd4 26.Bxd4 Rxd4 27.Qa5 Qe7 28.f3 e3 29.Qc3 e2
30.Kf2 Qh4+ 31.Kxe2 Rxd5 32.Kf1 Qd4 33.Qxd4 Rxd4 34.Re7 Rd2 35.Rxa7 d5 36.a4 Rb2
37.Rc7 Rxb3 38.Rxc5 Ra3 39.Rxd5 Rxa4 40.Rd7 Ra2 41.Kg1 Kh8 42.Kh2 Kg8 43.f4 Rb2
44.Kg3 Ra2 45.Kf3 Rb2 46.g3 Rb3+ 47.Kg4 Rb5 48.Re7 h6 49.Re5 Rb3 50.h4 h5+
51.Kh3  1/2-1/2

[Event "OCF Masters"]
[Site "Tulsa USA"]
[Date "2005.09.03"]
[Round "1"]
[White "Braunlich,T"]
[Black "Langer,M USA"]
[Result "1-0"]
[WhiteElo "2200"]
[BlackElo "2272"]

1.d4 Nf6 2.c4 c5 3.d5 e6 4.Nc3 exd5 5.cxd5 d6 6.Nf3 g6 7.Bf4 Bg7 8.Qa4+ Bd7
9.Qb3 Qc7 10.e4 O-O 11.Nd2 Re8 12.Be2 Na6 13.O-O b5 14.Nxb5 Bxb5 15.Bxb5 Reb8
16.Qa4 Nb4 17.a3 Nh5 18.Bxd6 Qxd6 19.axb4 a6 20.bxc5 Qxc5 21.Bc6 Ra7 22.Rac1 Qe7
23.b3 Nf4 24.Qc4 Bd4 25.Nf3 Rb4 26.Qc2 Qf6 27.g3 Nh5 28.Nxd4 Rxd4 29.e5 Qxe5
30.Rfe1 Qf6 31.Qc5  1-0

[Event "FSGM September"]
[Site "Budapest HUN"]
[Date "2005.09.06"]
[Round "4"]
[White "Bergez,L"]
[Black "Prohaszka,P2"]
[Result "1/2-1/2"]
[WhiteElo "2353"]
[BlackElo "2331"]

1.d4 Nf6 2.c4 e6 3.Nf3 c5 4.d5 exd5 5.cxd5 d6 6.Nc3 g6 7.e4 Bg7 8.Bb5+ Bd7
9.a4 a6 10.Be2 Bg4 11.O-O Bxf3 12.Bxf3 O-O 13.Bf4 Qe7 14.e5 dxe5 15.Re1 Ne8
16.d6 Nxd6 17.Nd5 Qd8 18.Rxe5 Nc6 19.Ne7+ Nxe7 20.Rxe7 Qxe7 21.Bxd6 Qf6 22.Bxf8 Rxf8
23.Rc1 Rd8 24.Qe2 Qxb2 25.Qxb2 Bxb2 26.Rxc5 Rd2 27.Kf1 Bd4 28.Rd5 Rxf2+ 29.Ke1 Be3
30.Rd3 Bc5 31.Rc3 Bd4 32.Rd3 Ba7 33.Rd7 Bc5 34.Rxb7 Rc2  1/2-1/2

[Event "IX Taca BCX"]
[Site "Brasiliat BRA"]
[Date "2005.09.10"]
[Round "9"]
[White "Januario,S"]
[Black "Rocha,T"]
[Result "1/2-1/2"]
[WhiteElo "2099"]
[BlackElo "1954"]

1.d4 Nf6 2.Nf3 e6 3.c4 c5 4.d5 exd5 5.cxd5 d6 6.Nc3 g6 7.e4 Bg7 8.Bd3 O-O
9.O-O a6 10.a4 h6 11.h3 Re8 12.Re1 Nbd7 13.Bf4 Qc7 14.Nd2 Nh5 15.Be3 Ne5
16.Nc4 Nxc4 17.Bxc4 Nf6 18.f3 Bd7 19.Qd2 Kh7 20.Bf4 Nh5 21.Bh2 Bd4+ 22.Kh1 Ng7
23.Ne2 Bf6 24.a5 Bh4 25.Rf1 f5 26.Nc3 Bf6 27.Bd3 Re7 28.exf5 Bxf5 29.Ne4 Bxe4
30.fxe4 Be5 31.Bxe5 Rxe5 32.Rf3 Rae8 33.Raf1 R8e7 34.Kh2 b5 35.axb6 Qxb6
36.Rf7 a5 37.R1f6 Rxf7 38.Rxf7 Qb4 39.Qf4 Rf5 40.Rxf5 Nxf5 41.Qf3 Ng7 42.Qe2 Qd4
43.b3 Qe5+ 44.Kg1 Nh5 45.Bc4 Kg7 46.Qg4 Nf6 47.Qc8 Nxe4 48.Qc7+ Kf6 49.Qxa5 Qd4+
50.Kh2 Qe5+ 51.Kg1  1/2-1/2

[Event "ProMoPro Open"]
[Site "Prague CZE"]
[Date "2005.09.17"]
[Round "3"]
[White "Klecker,T"]
[Black "Rakous,P"]
[Result "1/2-1/2"]
[WhiteElo "1832"]
[BlackElo "2040"]

1.d4 Nf6 2.Nf3 c5 3.d5 e6 4.c4 exd5 5.cxd5 d6 6.Nc3 g6 7.Bg5 Bg7 8.e3 O-O
9.Be2 Qb6 10.Qc2 Na6 11.Nd2 Bf5 12.e4 Nb4 13.Qb3 Bd7 14.a3 Ng4 15.O-O Na6
16.Qxb6 axb6 17.Be7 Rfe8 18.Bxd6 Bd4 19.Bg3 h5 20.Kh1 Ne5 21.f3 g5 22.Bf2 g4
23.f4 Ng6 24.Bxd4 cxd4 25.Nb5 d3 26.Bxd3 Nc5 27.Bc4 Nxe4 28.Nxe4 Rxe4 29.Nd6 Rxf4
30.Rxf4 Nxf4 31.Rf1 Ng6 32.Rxf7 Ne5 33.Re7 Nxc4 34.Rxd7 Nxd6 35.Rxd6 Rc8
36.h3 gxh3 37.gxh3 Rc1+ 38.Kg2 Rc2+ 39.Kg3 Rxb2 40.Kh4 Rb3 41.Rd7 Rxa3 42.d6 Rd3
43.Kxh5 Kf8 44.h4 Ke8 45.Re7+ Kf8 46.Rd7 Ke8 47.Rxb7 Rxd6 48.Kg5 Kf8 49.h5 Kg8
50.h6 Kh8 51.Rg7 Rc6 52.Rb7 Rd6 53.Rb8+ Kh7  1/2-1/2

[Event "ProMoPro Open"]
[Site "Prague CZE"]
[Date "2005.09.19"]
[Round "5"]
[White "Kubikova,H"]
[Black "Vedral,O"]
[Result "1/2-1/2"]
[WhiteElo "2125"]
[BlackElo "2252"]

1.d4 Nf6 2.Nf3 c5 3.d5 e6 4.c4 exd5 5.cxd5 d6 6.Nc3 g6 7.g3 Bg7 8.Bg2 O-O
9.O-O a6 10.a4 b6 11.Bf4 Nh5 12.Bg5 f6 13.Be3 Ra7 14.Qd2 Re7 15.Bh6 Bxh6
16.Qxh6 Nd7 17.Qd2 Qe8 18.Rfe1 Ng7 19.Rab1 Ne5 20.Nxe5 Rxe5 21.b4 Nf5 22.bxc5 bxc5
23.Rb6 Qd8 24.Reb1 Nd4  1/2-1/2

[Event "ProMoPro Open"]
[Site "Prague CZE"]
[Date "2005.09.20"]
[Round "6"]
[White "Kralovsky,M"]
[Black "Krivanek,V"]
[Result "1/2-1/2"]
[WhiteElo "2031"]
[BlackElo "2078"]

1.d4 Nf6 2.Nf3 c5 3.d5 e6 4.c4 exd5 5.cxd5 d6 6.Nc3 g6 7.e4 Bg7 8.Bb5+ Bd7
9.a4 O-O 10.Bxd7 Nfxd7 11.O-O Na6 12.Bf4  1/2-1/2

[Event "Open"]
[Site "Bucharest ROM"]
[Date "2005.09.22"]
[Round "7"]
[White "Manolache,M"]
[Black "Rogozenko,D"]
[Result "1-0"]
[WhiteElo "2462"]
[BlackElo "2517"]

1.d4 Nf6 2.c4 e6 3.Nf3 c5 4.d5 exd5 5.cxd5 d6 6.Nc3 g6 7.Nd2 Bg7 8.Nc4 O-O
9.Bf4 Ne8 10.Qd2 Na6 11.g3 Nac7 12.Bg2 b5 13.Na5 b4 14.Ne4 Nb5 15.Nc6 Qd7
16.O-O Nf6 17.Nxf6+ Bxf6 18.Bg5 Bxg5 19.Qxg5 Kg7 20.a4 Nc7 21.e4 f6 22.Qf4 Bb7
23.Rfd1 a5 24.b3 Rf7 25.g4 g5 26.Qg3 Kh8 27.Rac1 Rg7 28.h3 Ne8 29.Bf1 Bxc6
30.dxc6 Qe6 31.Bc4 Qe5 32.Qxe5 fxe5 33.Be6 Rg6 34.Bf5 Rh6 35.Rd3 Kg7 36.Rcd1 Kf8
37.Kg2 Ke7 38.h4 gxh4 39.Kh3 Rf6 40.g5 Rf7 41.c7 c4 42.bxc4 Nxc7 43.Rxd6 Kf8
44.Rd7 Re8 45.R7d6 Rb8 46.c5 Ne8 47.R6d5 Rc7 48.Bd7 b3 49.c6 Ng7 50.Rxe5 Rb4
51.Rb5 Nh5 52.Rxb4 axb4 53.Kg4 Ng7 54.Rb1 h3 55.Kxh3  1-0

[Event "2nd Highlands Open A"]
[Site "Havlickuv Brod CZE"]
[Date "2005.10.01"]
[Round "8"]
[White "Cedikova,K"]
[Black "Klima,L"]
[Result "0-1"]
[WhiteElo "2262"]
[BlackElo "2446"]

1.d4 Nf6 2.c4 e6 3.Nf3 c5 4.d5 exd5 5.cxd5 d6 6.Nc3 g6 7.e4 Bg7 8.Be2 O-O
9.O-O Na6 10.Nd2 Nc7 11.a4 b6 12.f4 Re8 13.Bf3 Ba6 14.Re1 Nd7 15.Nb3 Bc4
16.Be3 f5 17.Bf2 fxe4 18.Nxe4 Nf8 19.Nc3 Rxe1+ 20.Bxe1 Qf6 21.Bg3 Re8 22.Qc2 Qf7
23.Nd2 Bxd5 24.Nxd5 Nxd5 25.Ne4 Ne3 26.Qd3 Nf5 27.Ng5 Bd4+ 28.Kh1 Qf6 29.Bd5+ Kg7
30.Ne4 Qd8 31.Be1 Ne6 32.Bd2 Nc7 33.g4 Nxd5 34.gxf5 Nf6 35.Ng5 Qa8+ 36.Nf3 Re3  0-1

[Event "Belgrade Premier League"]
[Site "Belgrade SCG"]
[Date "2005.10.04"]
[Round "4"]
[White "Damjanovic,D"]
[Black "Dudukovic,N"]
[Result "1-0"]
[WhiteElo "2264"]
[BlackElo "2004"]

1.d4 Nf6 2.c4 c5 3.d5 e6 4.Nc3 exd5 5.cxd5 d6 6.Nf3 g6 7.e4 Bg7 8.h3 O-O
9.Bd3 b5 10.Bxb5 Nxe4 11.Nxe4 Qa5+ 12.Nfd2 Qxb5 13.Nxd6 Qa6 14.N2c4 Nd7 15.O-O Nb6
16.Nxb6 Qxb6 17.Nxc8 Raxc8 18.Rb1 Rfd8 19.Bf4 Rd7 20.d6 Bf8 21.Qg4 f5 22.Qe2 Rcd8
23.Bg5 Bxd6 24.Bxd8 Rxd8 25.Qe6+ Kg7 26.Rfe1 Qc6 27.Rbc1 Qb6 28.Rc2 Qb4 29.Qe3 Qe4
30.Qc3+ Kh6 31.Kf1 f4 32.Rd2 f3 33.Qxf3 Qc4+ 34.Qd3 Qb4 35.a3 Qh4 36.Re4 Qf6
37.Qe3+ Kg7 38.Re6 Qf8 39.Rdxd6  1-0

[Event "Open A"]
[Site "Hamburg GER"]
[Date "2005.10.04"]
[Round "4"]
[White "Drost,P"]
[Black "Homm,M"]
[Result "1-0"]
[WhiteElo "2190"]
[BlackElo "2043"]

1.d4 Nf6 2.c4 e6 3.Nf3 c5 4.d5 exd5 5.cxd5 d6 6.Nc3 g6 7.Bf4 a6 8.e3 Bg7
9.Be2 O-O 10.O-O Nh5 11.Bg5 Bf6 12.Bxf6 Nxf6 13.a4 b6 14.Nd2 Ra7 15.Nc4 Rb7
16.Bf3 b5 17.axb5 axb5 18.Na5 Ra7 19.Nc6 Rxa1 20.Qxa1 Qb6 21.Ne7+ Kg7 22.b4 Nbd7
23.Bg4 Kh6 24.Nxc8 Rxc8 25.Bxd7 Nxd7 26.g4 Ne5 27.g5+ Kg7 28.f4 cxb4 29.Nd1 Qd8
30.Kh1 f6 31.fxe5 fxe5 32.Qa6 Rc2 33.Qb7+ Rc7 34.Qxb5 Qxg5 35.Qxb4 Rc2 36.Qe4 Rd2
37.Qf3 Qf5 38.Qxf5 gxf5 39.Nf2 Rxd5 40.Kg2 Rd2 41.Kf3 d5 42.Rd1 Rxd1 43.Nxd1 Kg6
44.Nc3 d4 45.exd4 exd4 46.Ne2 d3 47.Nf4+ Kg5 48.Nxd3 Kh4 49.Kg2 Kg4 50.h3+ Kh4
51.Ne1 f4 52.Nf3+ Kh5 53.Kf2 Kg6 54.Ke2 Kf6 55.Kd3 Kg6 56.Ke4 Kf6 57.Kxf4 Kg6
58.Kg4 Kg7 59.Kg5 Kg8 60.Kh6 Kh8 61.Ng5 Kg8 62.Nxh7 Kh8 63.Nf8 Kg8 64.Ng6 Kf7
65.h4 Kg8 66.h5 Kf7 67.Kh7 Kf6 68.Ne5  1-0

[Event "Cupa ULIM"]
[Site "Kishinev MDA"]
[Date "2005.10.12"]
[Round "5"]
[White "Bets,A"]
[Black "Nevednichy,B"]
[Result "1-0"]
[WhiteElo "2370"]
[BlackElo "2297"]

1.d4 Nf6 2.c4 e6 3.Nf3 c5 4.d5 d6 5.Nc3 exd5 6.cxd5 g6 7.e4 Bg7 8.h3 O-O
9.Bd3 b5 10.Bxb5 Nxe4 11.Nxe4 Qa5+ 12.Nfd2 Qxb5 13.Nxd6 Qa6 14.N2c4 Nd7 15.O-O Nb6
16.Nxb6 Qxb6 17.Nxc8 Raxc8 18.Rb1 Rfe8 19.Bf4 Be5 20.d6 Rcd8 21.d7 Re6 22.Bxe5 Rxe5
23.Re1 Rxe1+ 24.Qxe1 Qe6 25.Qxe6 fxe6 26.Rd1 Kf7 27.Rd6 Ke7 28.Rc6 Rxd7 29.Rxc5 Rd1+
30.Kh2 Rd2 31.Rc7+ Kf6 32.Rxh7 Rxb2 33.Rxa7 Rxf2 34.a4 Ra2 35.a5 e5 36.a6 e4
37.Kg3 e3 38.Kf3 e2 39.Kf2 e1=Q+ 40.Kxe1 Rxg2 41.Rh7 Ra2 42.a7 g5 43.Kd1 g4
44.hxg4 Kg5 45.Kc1 Kxg4 46.Kb1 Ra6 47.Kb2 Kf5 48.Kb3 Ra1 49.Kb4 Ke6 50.Kc5  1-0

[Event "TCh-CZE Extraliga 2005-6"]
[Site "Czech Rep CZE"]
[Date "2005.10.16"]
[Round "2"]
[White "Jirka,J"]
[Black "Simacek,P"]
[Result "0-1"]
[WhiteElo "2387"]
[BlackElo "2463"]

1.d4 Nf6 2.c4 c5 3.d5 e6 4.Nc3 exd5 5.cxd5 d6 6.Nf3 g6 7.g3 Bg7 8.Bg2 O-O
9.O-O a6 10.a4 Nbd7 11.Bf4 Qe7 12.h3 h6 13.Re1 g5 14.Bd2 Rb8 15.Rb1 Nb6 16.Qb3 Nfd7
17.a5 Na8 18.Qc2 b6 19.b4 bxa5 20.bxa5 Rxb1 21.Qxb1 Nc7 22.e4 Ne5 23.Nxe5 Bxe5
24.f4 gxf4 25.gxf4 Bd4+ 26.Kh2 Qh4 27.Qd3 Nb5 28.Ne2 Bf2 29.Rf1 Nd4 30.Nxd4 Bxd4
31.Bc3 Bd7 32.Bxd4 Bb5 33.Bf2 Qxf2 34.Rxf2 Bxd3 35.Rb2 Rc8 36.e5 c4 37.exd6 c3
38.d7 Rd8 39.Rb3 c2 40.Rc3 Rxd7 41.Kg3 Re7 42.Bf3 Bf5 43.Kf2 Re8 44.Bg4 Rc8
45.Rxc8+ Bxc8  0-1

[Event "Chigorin Mem"]
[Site "St Petersburg RUS"]
[Date "2005.10.18"]
[Round "4"]
[White "Solozhenkin,E"]
[Black "Kornev,Alexei"]
[Result "0-1"]
[WhiteElo "2495"]
[BlackElo "2578"]

1.d4 Nf6 2.c4 e6 3.Nf3 c5 4.d5 exd5 5.cxd5 d6 6.Nc3 g6 7.g3 Bg7 8.Bg2 O-O
9.O-O a6 10.a4 Nbd7 11.Nd2 Re8 12.h3 Rb8 13.Nc4 Ne5 14.Na3 Nh5 15.e4 Rf8
16.Kh2 Bd7 17.Qe2 f5 18.f4 fxe4 19.Bxe4 Nf7 20.g4 Nf6 21.Bf3 b5 22.axb5 axb5
23.Naxb5 Re8 24.Qd3 c4 25.Qxc4 Nxg4+ 26.hxg4 Qh4+ 27.Kg2 Bxg4 28.Bxg4 Qxg4+
29.Kf2 Ng5 30.Ne2 Re4 31.Qd3 Rbe8 32.Ng3 Nh3+  0-1

[Event "Femida"]
[Site "Kharkiv UKR"]
[Date "2005.10.19"]
[Round "4"]
[White "Shalimov,V UKR"]
[Black "Averjanov,A"]
[Result "1-0"]
[WhiteElo "2446"]
[BlackElo "2395"]

1.d4 Nf6 2.Nf3 c5 3.d5 e6 4.c4 d6 5.Nc3 exd5 6.cxd5 g6 7.h3 a6 8.a4 Qe7 9.Bg5 Bg7
10.e3 O-O 11.Bd3 Nbd7 12.O-O h6 13.Bh4 Ne5 14.Nxe5 Qxe5 15.Bg3 Qe7 16.e4 Nd7
17.f4 Rb8 18.Qd2 g5 19.e5 gxf4 20.Bxf4 Nxe5 21.Rae1 f5 22.Bxh6 Bd7 23.Bg5 Qf7
24.b3 Rbe8 25.Bc2 Qg6 26.Kh1 Bf6 27.Bxf6 Qxf6 28.Ne2 Ng6 29.Ng3 Rxe1 30.Qxe1 Qg5
31.Qf2 f4 32.Ne4 Qe5 33.Nxc5 dxc5 34.Bxg6 Kg7 35.Bc2 Qxd5 36.Rd1 Qc6 37.Qh4 Bf5
38.Qg5+ Qg6 39.Rd7+  1-0

[Event "II Open"]
[Site "Calvia ESP"]
[Date "2005.10.27"]
[Round "8"]
[White "Vera,R"]
[Black "Rodriguez Lopez,R"]
[Result "1-0"]
[WhiteElo "2481"]
[BlackElo "2246"]

1.d4 Nf6 2.c4 e6 3.Nc3 c5 4.d5 exd5 5.cxd5 d6 6.Nf3 Be7 7.g3 O-O 8.Bg2 Re8
9.O-O Nbd7 10.a4 a6 11.Nd2 Ne5 12.h3 Nfd7 13.f4 Ng6 14.Kh2 Rb8 15.a5 b5 16.axb6 Nxb6
17.e4 Bf6 18.e5 dxe5 19.f5 Ne7 20.Nde4 Nxf5 21.Nxf6+ gxf6 22.Ne4 Kh8 23.g4 Nxd5
24.gxf5 Rb4 25.Qc2 Rg8 26.Ra3 Rd4 27.Rg3 Rxg3 28.Nxg3 c4 29.Qe2 Bb7 30.Rd1 Qb6
31.Rxd4 Qxd4 32.Bh6 Bc6 33.Ne4 Nf4 34.Qg4  1-0

[Event "TCh-FIN 2005-6"]
[Site "Helsinki FIN"]
[Date "2005.11.12"]
[Round "5"]
[White "Volodin,Alek"]
[Black "Tiitta,S"]
[Result "1-0"]
[WhiteElo "2230"]
[BlackElo "2248"]

1.d4 c5 2.d5 e6 3.c4 exd5 4.cxd5 d6 5.Nc3 Nf6 6.Nf3 g6 7.Bf4 Bg7 8.Qa4+ Bd7
9.Qb3 Qc7 10.e4 O-O 11.Be2 Re8 12.Nd2 b5 13.Bxb5 Nh5 14.Be3 f5 15.f3 a5 16.O-O Na6
17.Qa4 Bxb5 18.Nxb5 Qd7 19.Qc4 f4 20.Bf2 Reb8 21.a4 Bxb2 22.Rab1 Bg7 23.Rfe1 Nc7
24.e5 Bxe5 25.Rxe5 dxe5 26.d6+ Ne6 27.Re1 Kg7 28.Rxe5 Re8 29.Qc3 Nd4 30.Rxc5 Qe6
31.Nxd4 Qf6 32.Bh4 g5 33.Rxg5+ Kh8 34.Rxh5 Qg7 35.Ne4 Rxe4 36.fxe4 f3 37.Nb5 Rf8
38.Qxg7+ Kxg7 39.gxf3 Rxf3 40.d7 h6 41.d8=Q Kg6 42.Qe8+ Rf7 43.Rf5 h5 44.Qxf7+  1-0

[Event "FSGM November"]
[Site "Budapest HUN"]
[Date "2005.11.15"]
[Round "11"]
[White "Erdos,V"]
[Black "Berczes,D"]
[Result "1/2-1/2"]
[WhiteElo "2522"]
[BlackElo "2475"]

1.d4 Nf6 2.c4 c5 3.d5 e6 4.Nf3 exd5 5.cxd5 d6 6.Nc3 g6 7.Bf4 a6 8.e4 b5 9.Bd3 Bg4
10.h3 Bxf3 11.Qxf3 Bg7 12.O-O O-O 13.Rfe1  1/2-1/2

[Event "55th ch-GRE"]
[Site "Kalamata GRE"]
[Date "2005.11.16"]
[Round "1"]
[White "Skembris,S"]
[Black "Nikolaidis,I"]
[Result "1/2-1/2"]
[WhiteElo "2461"]
[BlackElo "2521"]

1.d4 Nf6 2.c4 e6 3.Nf3 c5 4.d5 d6 5.Nc3 exd5 6.cxd5 g6 7.g3 Bg7 8.Bg2 O-O
9.O-O Na6 10.Nd2 Nc7 11.Nc4 Qe7  1/2-1/2

[Event "TCh-NED 2005-6"]
[Site "Netherlands NED"]
[Date "2005.11.26"]
[Round "4"]
[White "Douven,R"]
[Black "Muhren,B"]
[Result "1/2-1/2"]
[WhiteElo "2406"]
[BlackElo "2260"]

1.d4 Nf6 2.c4 e6 3.Nf3 c5 4.d5 exd5 5.cxd5 d6 6.Nc3 g6 7.Nd2 Nbd7 8.e4 Bg7
9.Be2 O-O 10.O-O Re8 11.Re1 a6 12.a4 Ne5 13.Nf1 h6 14.f4 Ned7 15.Bf3 Rb8
16.a5 b5 17.axb6 Rxb6 18.Ne3 Rb4 19.Nc2 Rb6 20.Ra3 Nh7 21.Kh1 Qc7 22.Re2 c4
23.Ra4 a5 24.Nd4 Nc5 25.Ra2 Bd7 26.Nc6 Nd3 27.Be3 Rxb2 28.Raxb2 Nxb2 29.Rxb2 Bxc3
30.Rc2 Bxc6 31.dxc6 Bb4 32.Rxc4 Nf6 33.Qd4 Re6 34.Qb6 Ne8 35.h3 h5 36.Bf2 Re7
37.Qb5 Qc8 38.Qg5 Rc7 39.Bd4 Ng7 40.f5 d5 41.Qf6 Bf8 42.exd5 Qxf5 43.Qxf5 Nxf5
44.Bb6 Rc8 45.Bxa5 Bd6 46.Rc1 Kf8 47.Bc3 Ng3+ 48.Kg1 Bc5+ 49.Kh2 Bd6 50.Bb4 Bxb4
51.Kxg3 Ke7 52.Rb1 Bd6+ 53.Kf2 Rb8 54.Ra1 Bc5+ 55.Ke2 Kd6 56.Ra4 Rc8 57.Kd3 Bb6
58.Kc4 Bc7 59.Ra2 Re8 60.Rb2 Re1 61.Kd3 Re5 62.Be4 Re8 63.Rf2 Re7 64.g4 hxg4
65.hxg4 Bb8 66.Bg2 Bc7 67.Kc4 Bd8 68.Rf6+ Ke5 69.g5 Ra7 70.d6 Bxf6 71.c7 Kxd6
72.c8=Q Rc7+ 73.Qxc7+ Kxc7 74.gxf6 Kd6 75.Bd5 Ke5 76.Bxf7 Kxf6 77.Bxg6  1/2-1/2

[Event "It"]
[Site "Dnepropetrovsk UKR"]
[Date "2005.12.10"]
[Round "4"]
[White "Truskavetsky,A"]
[Black "Kononenko,Dmitry1"]
[Result "1/2-1/2"]
[WhiteElo "2409"]
[BlackElo "2451"]

1.d4 Nf6 2.c4 c5 3.d5 e6 4.Nc3 exd5 5.cxd5 d6 6.Nf3 g6 7.g3 Bg7 8.Bg2 O-O
9.O-O a6 10.a4 Re8 11.Re1 Nbd7 12.e4 Ng4 13.Ng5 Nge5 14.f4 Nc4 15.Qd3 Na5
16.Be3 Rb8 17.Rad1 b5 18.axb5 c4 19.Qf1 axb5 20.e5 dxe5 21.d6 Bb7 22.Nd5 h6
23.Ne7+ Rxe7 24.dxe7 Qxe7 25.Bxb7 Nxb7 26.Nf3 Nbc5 27.Bxc5 Qxc5+ 28.Qf2 Qxf2+
29.Kxf2 Nc5 30.Nxe5 Bxe5 31.Rxe5 Nd3+ 32.Rxd3 cxd3 33.Ke3 Rd8 34.Kd2 b4 35.Re3 Kg7
36.Rxd3 Rc8 37.b3 Ra8 38.Ke3 Ra2 39.Rd2 Ra3 40.Rb2 Ra8 41.Rd2 Rc8 42.Rd4 Rc2
43.h4 Rc3+ 44.Rd3 Rc2  1/2-1/2

[Event "Master Open"]
[Site "Zurich SUI"]
[Date "2005.12.29"]
[Round "6"]
[White "Schiendorfer,E"]
[Black "Schnelli,R"]
[Result "0-1"]
[WhiteElo "2059"]
[BlackElo "2060"]

1.d4 Nf6 2.c4 c5 3.d5 e6 4.Nc3 exd5 5.cxd5 d6 6.Nf3 g6 7.Bf4 Bg7 8.h3 O-O
9.e3 Re8 10.Be2 Ne4 11.Qc2 Bf5 12.Bd3 Qa5 13.Rc1 c4 14.Bxe4 Bxe4 15.Qd2 Bd3
16.Bxd6 b5 17.a3 Qb6 18.Bf4 Nd7 19.Ne2 Nf6 20.d6 Ne4 21.Qd1 Qa5+ 22.Kf1 Bxb2
23.Bh6 Qxa3 24.Kg1 Qxd6 25.Nf4 Rad8  0-1

[Event "12th Open A"]
[Site "Bosnjaci CRO"]
[Date "2006.01.04"]
[Round "2"]
[White "Biti,O"]
[Black "Ljubicic,F"]
[Result "1/2-1/2"]
[WhiteElo "2359"]
[BlackElo "2400"]

1.d4 Nf6 2.Nf3 e6 3.c4 c5 4.d5 exd5 5.cxd5 d6 6.Nc3 g6 7.h3 Bg7 8.e4 O-O
9.Bd3 b5 10.Nxb5 c4 11.Bxc4 Nxe4 12.O-O Ba6 13.Qc2 Bxb5 14.Bxb5 a6 15.Bc6 Nxc6
16.dxc6 Nc5 17.Be3 Qb6 18.Bd4 Bh6 19.Rad1 Rac8 20.Rfe1 Qxc6 21.Bf6 Ne6 22.Qxc6 Rxc6
23.Be7 Rfc8 24.b3 Bf8 25.Bf6  1/2-1/2

[Event "10th Open"]
[Site "Bad Zwesten GER"]
[Date "2006.01.06"]
[Round "7"]
[White "Boksinski,J"]
[Black "Kriesch,A"]
[Result "1-0"]
[WhiteElo "2032"]
[BlackElo "1931"]

1.d4 Nf6 2.c4 c5 3.d5 e6 4.Nc3 exd5 5.cxd5 d6 6.Nf3 g6 7.Bf4 a6 8.e4 Nh5
9.Bg5 f6 10.Bh4 Be7 11.a4 f5 12.Bxe7 Qxe7 13.e5 dxe5 14.d6 Qg7 15.Bc4 Nf4
16.O-O Be6 17.Bxe6 Nxe6 18.Qd5 Nf4 19.Qc4 Qf7 20.Qxc5 Nd7 21.Qb4 Ne6 22.Qxb7 O-O
23.Nd5 Nec5 24.Ne7+ Kh8 25.Qc7 e4 26.Ng5 Qf6 27.f4 Qd4+ 28.Kh1 Nf6 29.Rad1 Nd3
30.h3 Nf2+ 31.Kh2 Nxd1 32.Ne6 Qd3 33.Nxg6+  1-0

[Event "Classic"]
[Site "Queenstown NZL"]
[Date "2006.01.16"]
[Round "2"]
[White "Steadman,M"]
[Black "Stojic,D"]
[Result "1-0"]
[WhiteElo "2231"]
[BlackElo "2051"]

1.d4 Nf6 2.c4 c5 3.d5 e6 4.Nc3 exd5 5.cxd5 d6 6.Nf3 g6 7.Bf4 Bg7 8.Qa4+ Bd7
9.Qb3 Qc7 10.e4 O-O 11.Nd2 Re8 12.Be2 a6 13.a4 Bc8 14.O-O Nbd7 15.h3 Rb8
16.Bh2 b6 17.Rae1 Re7 18.f4 Bb7 19.Bd3 Rbe8 20.Re2 Nh5 21.g4 Bd4+ 22.Kg2 Ng7
23.Rfe1 f5 24.Kf1 Nf6 25.e5 Bxc3 26.bxc3 Nxd5 27.exd6 Qxd6 28.Nc4 Qd8 29.Rxe7 Rxe7
30.Rxe7 Qxe7 31.Nxb6 Qe6 32.Nxd5 Bxd5 33.Qb8+ Kf7 34.Qc7+ Kg8 35.Qxc5 fxg4
36.hxg4 h5 37.c4 Bf3 38.f5 gxf5 39.gxf5 Qd7 40.Qd6 Qxa4 41.f6 Bc6 42.Be2 Qa1+
43.Kf2 Qh1 44.Qg3 Qg2+ 45.Qxg2 Bxg2 46.Kxg2 Ne6 47.Bxh5 a5 48.f7+ Kg7 49.Bd6 a4
50.Kf2  1-0

[Event "Open"]
[Site "Zagreb CRO"]
[Date "2006.01.16"]
[Round "3"]
[White "Vukic,R"]
[Black "Zufic,M"]
[Result "0-1"]
[WhiteElo "2249"]
[BlackElo "2391"]

1.d4 Nf6 2.Nf3 c5 3.d5 e6 4.c4 exd5 5.cxd5 d6 6.Nc3 g6 7.e4 Bg7 8.Nd2 O-O
9.Be2 Ne8 10.h4 Nd7 11.a4 a6 12.Nc4 Ne5 13.Ne3 f5 14.f4 Nf7 15.exf5 gxf5
16.Bd3 Nh6 17.Qh5 Nf6 18.Qg5 Qe8 19.Kf1 Nfg4 20.Rh3 Kh8 21.Nc4 Bf6 22.Nxd6 Qd8
23.Nxb7 Bxb7 24.Qh5 Bxc3 25.bxc3 Qxd5 26.Rg3 c4 27.Be2 Rfe8 28.Ra2 Rad8 29.Rd2 Qe4
30.Rb2 Qxe2+  0-1

[Event "Open"]
[Site "Zagreb CRO"]
[Date "2006.01.16"]
[Round "3"]
[White "Devcic,D"]
[Black "Hoffmann,Mi1"]
[Result "1-0"]
[WhiteElo "2261"]
[BlackElo "2443"]

1.d4 Nf6 2.c4 e6 3.Nf3 c5 4.d5 d6 5.Nc3 exd5 6.cxd5 g6 7.h3 a6 8.a4 Qe7 9.Bf4 Nbd7
10.e3 Bg7 11.Be2 O-O 12.O-O Rb8 13.Nd2 Ne8 14.e4 Ne5 15.Re1 f5 16.exf5 Bxf5
17.Bg3 Qd7 18.a5 Nc7 19.Nc4 Nxc4 20.Bxc4 b5 21.axb6 Rxb6 22.Qd2 Rb4 23.Bxa6 Rfb8
24.Ra2 c4 25.Rea1 Bd3 26.Kh2 h5 27.Re1 R8b6 28.Ne4 Bxe4 29.Rxe4 c3 30.bxc3 Rxe4
31.Bd3 Re7 32.Bxg6 Rb8 33.Qg5 Ne8 34.Bf5 Qd8 35.Bh4 Re5 36.Qg3 Nf6 37.Ra7 Qf8
38.Be6+ Rxe6 39.dxe6 Ne4 40.Qg6 Qf4+ 41.Bg3  1-0

[Event "Classic"]
[Site "Queenstown NZL"]
[Date "2006.01.19"]
[Round "5"]
[White "Solomon,SJ"]
[Black "Nokes,R"]
[Result "1-0"]
[WhiteElo "2415"]
[BlackElo "2330"]

1.d4 Nf6 2.c4 c5 3.d5 e6 4.Nc3 exd5 5.cxd5 d6 6.Nf3 g6 7.h3 Bg7 8.Bf4 O-O
9.e3 a6 10.a4 Qe7 11.Nd2 Nbd7 12.Nc4 Ne8 13.Be2 Ne5 14.Nb6 Rb8 15.O-O f5
16.Bg3 Nf6 17.Kh2 Nfd7 18.Nxc8 Rbxc8 19.f4 Nf7 20.Re1 h5 21.Bc4 h4 22.Bf2 g5
23.Bd3 Qf6 24.Qh5 c4 25.Bc2 Bh6 26.Ne2 Nc5 27.Nd4 Ne4 28.Bxe4 fxe4 29.Ne6 Rfe8
30.fxg5 Bxg5 31.Rf1 Rxe6 32.dxe6 Qxe6 33.Bxh4 Bxe3 34.Rxf7 Qxf7 35.Qg4+ Kh7
36.Qxe4+ Kh8 37.Qxe3 Qg6 38.Re1 b5 39.Qd4+ Kg8 40.Re4 Kh7 41.Be7 Rc5 42.Rg4 Qf7
43.Qe4+ Qf5 44.Qxf5+ Rxf5 45.axb5 axb5 46.Bxd6  1-0

[Event "Classic"]
[Site "Queenstown NZL"]
[Date "2006.01.22"]
[Round "8"]
[White "Feldman,V"]
[Black "Lazarus,B"]
[Result "1/2-1/2"]
[WhiteElo "2324"]
[BlackElo "2155"]

1.d4 Nf6 2.c4 c5 3.d5 e6 4.Nc3 exd5 5.cxd5 d6 6.Nf3 g6 7.g3 Bg7 8.Bg2 O-O
9.O-O Re8 10.Bf4 Nh5 11.Bg5 Bf6 12.Bxf6 Nxf6 13.Nd2 a6 14.a4 Nbd7 15.h3 Rb8
16.Nc4 Qc7 17.Na3 Nb6 18.Qd2 Nxa4 19.Nxa4 b5 20.Nc3 b4 21.Nc4 bxc3  1/2-1/2